NLSUI OPAC header image

Challenging the legal boundaries of work regulation / (Record no. 212514)

MARC details
000 -LEADER
fixed length control field 02990cam a2200349 a 4500
001 - CONTROL NUMBER
control field 17485509
005 - DATE AND TIME OF LATEST TRANSACTION
control field 20240503121656.0
008 - FIXED-LENGTH DATA ELEMENTS--GENERAL INFORMATION
fixed length control field 121005s2012 enk b 001 0 eng d
010 ## - LIBRARY OF CONGRESS CONTROL NUMBER
LC control number 2012472064
016 7# - NATIONAL BIBLIOGRAPHIC AGENCY CONTROL NUMBER
Record control number 016058345
Source Uk
020 ## - INTERNATIONAL STANDARD BOOK NUMBER
International Standard Book Number 9781849462792 (cloth)
020 ## - INTERNATIONAL STANDARD BOOK NUMBER
International Standard Book Number 1849462798 (cloth)
035 ## - SYSTEM CONTROL NUMBER
System control number (OCoLC)ocn775416260
040 ## - CATALOGING SOURCE
Original cataloging agency BTCTA
Language of cataloging eng
Transcribing agency BTCTA
Modifying agency UKMGB
-- YDXCP
-- CDX
-- BWK
-- YNK
-- UV0
-- BWX
-- RCJ
-- WCL
-- DLC
042 ## - AUTHENTICATION CODE
Authentication code lccopycat
082 ## - DEWEY DECIMAL CLASSIFICATION NUMBER
Classification number 344.01
245 00 - TITLE STATEMENT
Title Challenging the legal boundaries of work regulation /
Statement of responsibility, etc. edited by Judy Fudge, Shae McCrystal, Kamala Sankaran.
260 ## - PUBLICATION, DISTRIBUTION, ETC.
Place of publication, distribution, etc. Oxford, U.K. ;
-- Portland, Or. :
Name of publisher, distributor, etc. Hart Pub.,
Date of publication, distribution, etc. 2012.
300 ## - PHYSICAL DESCRIPTION
Extent x, 340 p. ;
Dimensions 25 cm.
365 ## - TRADE PRICE
Price amount Rs. 10460.00
490 1# - SERIES STATEMENT
Series statement Oñati international series in law and society
500 ## - GENERAL NOTE
General note "A series published for the Oñati institute for the sociology of law"--t. p.
504 ## - BIBLIOGRAPHY, ETC. NOTE
Bibliography, etc. note Includes bibliographical references and index.
505 00 - Contents
Contents Blurring legal boundaries : regulating for decent work / Judy Fudge -- Flexibility and informalisation of employment relationships / Kamala Sankaran -- Transform or perish : changing conceptions of work in recycling / Poornima Chikarmane and Lakshmi Narayanan -- Informal sectors and new industries : the complexities of regulating occupational health and safety in developing countries / Richard Johnstone -- Legal responsibility for labour conditions down the production chain / Alan Hyde -- A blurred boundary between entrepreneurship and servitude : regulating business format franchising in Australia / Joellen Riley -- Developing legislative protection for owner drivers in Australia : the long road to regulatory best practice / Brendan Johnson -- Organising independent contractors : the impact of competition law / Shae McCrystal -- Regulation of dependent self-employed workers in Spain : a regulatory framework for informal work? / Juan-Pablo Landa Zapirain -- Freelancers : an intermediate group in labour law? / Guy Davidov -- The wages of care-workers : from structure to agency / Guy Mundluk -- Sector-based collective bargaining regime and gender segregation : a case study of self-employed home childcare workers in Quebec / Stéphanie Bernstein -- From "domestic servant" to "domestic worker" / Einat Albin -- Employment agencies and domestic work in Ghana / Dzodzi Tsikata -- Corporate codes of conduct in the garment sector in Bangalore / Roopa Madhav -- How Britain's low-paid non-unionised employees deal with workplace problems / Anna Pollert -- Learning from case law accounts of marginalised working / Lizzie Barmes.
650 #0 - SUBJECT ADDED ENTRY--TOPICAL TERM
Topical term or geographic name entry element Labor laws and legislation
Form subdivision Case studies.
700 1# - ADDED ENTRY--PERSONAL NAME
Personal name Fudge, Judy.
700 1# - ADDED ENTRY--PERSONAL NAME
Personal name McCrystal, Shae.
700 1# - ADDED ENTRY--PERSONAL NAME
Personal name Sankaran, Kamala.
830 #0 - SERIES ADDED ENTRY--UNIFORM TITLE
Uniform title Oñati international series in law and society.
856 ## - ELECTRONIC LOCATION AND ACCESS
Uniform Resource Identifier <a href="https://www.bloomsbury.com/in/challenging-the-legal-boundaries-of-work-regulation-9781847319777/">https://www.bloomsbury.com/in/challenging-the-legal-boundaries-of-work-regulation-9781847319777/</a>
Public note Click here for table of contents
942 ## - ADDED ENTRY ELEMENTS (KOHA)
Source of classification or shelving scheme Dewey Decimal Classification
Koha item type BOOKs
Holdings
Withdrawn status Lost status Source of classification or shelving scheme Materials specified (bound volume or other part) Damaged status Not for loan Home library Current library Shelving location Date acquired Source of acquisition Cost, normal purchase price Total Checkouts Full call number Barcode Checked out Date last seen Date last checked out Price effective from Koha item type Public note
    Dewey Decimal Classification HB     NLS NLS General Stacks 03/05/2024 Purchased - Educational Supplies 10460.00 1 344.01 FUD 39592 31/08/2026 01/06/2026 01/06/2026 03/05/2024 BOOKs Recommended by Prof. Kamala Sankaran